Paper Mario: The Thousand-Year Door Badges - Statistics

General Stats
  • This quiz has been taken 28 times
  • The average score is 58 of 87
Answer Stats
BP Needed Answer % Correct
3 Fire Drive
94%
2 Happy Heart
94%
0 L Emblem
94%
0 W Emblem
94%
2 Happy Flower
88%
1 Multibounce
88%
3 Power Bounce
88%
1 Power Jump
88%
1 Power Smash
88%
2 Quake Hammer
88%
4 Feeling Fine
81%
1 Hammer Throw
81%
2 Happy Heart P
81%
3 HP Plus
81%
1 Ice Smash
81%
7 Lucky Day
81%
6 Power Plus
81%
7 Quick Change
81%
3 Spike Shield
81%
0 Attack FX B
75%
0 Attack FX G
75%
0 Attack FX P
75%
0 Attack FX R
75%
2 Damage Dodge
75%
3 Double Dip
75%
3 FP Plus
75%
2 Jumpman
75%
2 P-Down, D-Up
75%
6 Power Plus P
75%
1 Power Rush
75%
2 P-Up, D-Down
75%
1 Sleepy Stomp
75%
1 Super Appeal
75%
3 Zap Tap
75%
0 Attack FX Y
69%
1 Close Call
69%
5 Defend Plus
69%
4 Feeling Fine P
69%
3 Flower Finder
69%
2 Hammerman
69%
3 Heart Finder
69%
1 Ice Power
69%
1 Mega Rush
69%
5 Money Money
69%
2 P-Down, D-Up P
69%
1 Piercing Blow
69%
2 P-Up, D-Down P
69%
7 Return Postage
69%
1 Simplifier
69%
1 Soft Stomp
69%
1 Super Appeal P
69%
2 Tornado Jump
69%
1 Unsimplifier
69%
1 Charge
63%
1 Charge P
63%
1 Close Call P
63%
2 Damage Dodge P
63%
5 Defend Plus P
63%
3 Double Dip P
63%
3 Item Hog
63%
1 Last Stand
63%
1 Last Stand P
63%
1 Mega Rush P
63%
1 Power Rush P
63%
2 Pretty Lucky
63%
2 Pretty Lucky P
63%
4 All or Nothing
56%
5 Bump Attack
56%
1/0 First Attack
56%
1 Head Rattle
56%
6 HP Plus P
56%
1 Refund
56%
0 Double Pain
50%
4 Flower Saver
50%
0 Slow Go
50%
4 Flower Saver P
44%
1 FP Drain
44%
1 HP Drain
44%
1 HP Drain P
44%
0 Nostalgic Tunes
44%
2 Peekaboo
44%
3 Pity Flower
44%
1 Timing Tutor
44%
4 Lucky Start
38%
1 Shrink Stomp
38%
1 Chill Out
31%
0 Gold Medal
19%
No matching quizzes found
Score Distribution
Percent of People with Each Score
Percentile by Number Answered
Your Score History
You have not taken this quiz